000 00597cam a2200217 4500
001 J100330
008 000000n2000 000 0 eng u
035 _a(Sirsi) u100087
050 _a333.335
110 _aFPDSavills
_93625
245 _aAgricultural research briefing. - No. 14, 15, 16 & 17 (1999-2000)
260 _aLondon
_bFPDSavills
_c1999-2000
300 _a4p. ; 30cm.
520 _aFor number 18 see Agricultural Land market survey J62381
650 _aFARM LAND
650 _aLAND PRICES
650 _aCAP
650 _aAGENDA 2000
690 _aRURAL PRACTICE
942 _n0
999 _c99583
_d99583